00661nam a2200229 a 4500001001300000003000900013005001700022008004100039020002100080082001300101100001800114245004200132260003700174300001000211500003500221650001300256700001800269902000800287942000700295952011200302999001700414nice12345678IN_TiNIC20260116015026.0140108s2009 oxfa grp 000 0 eng  a9781870345767c000a266bKER aKerr, David A aEdinburgh 2010b Mission Then and Now aOxford, UK bRegnum Books c2009 a343p  aincludes index and biblioraphy aMissions1 aKerr, David A bSRS cBK 001040708StackRoom-aHMIbHMId2014-01-08g0.00l0o266 KERp11002695r2014-01-08v0.00w2014-01-08yBK c17998d17998